| 000 | 00574nam a22001697a 4500 | ||
|---|---|---|---|
| 003 | OSt | ||
| 005 | 20130516194404.0 | ||
| 008 | 130516s1998 sp ||||| |||| 00| 0 spa d | ||
| 040 | _cCDMR | ||
| 111 | 2 |
_93444 _aConvención de Periodistas de España _cCàdis _d1998 _n1a |
|
| 245 | 1 | 0 |
_a[I Convención de Periodistas de España _b: ponencias, comunicaciones, documentación] |
| 260 |
_a[s.l. _bForo de Organizaciones de Periodistas _cs.d.] |
||
| 300 | _a157 p. | ||
| 650 | 0 | 4 |
_93445 _aPeriodisme _xCongressos |
| 710 | 2 |
_91199 _aForo de Organizaciones de Periodistas |
|
| 942 |
_2udc _cMON |
||
| 999 |
_c6274 _d6274 |
||